[Event "78th UKR-ch"]
[Site "Alushta UKR"]
[Date "2009.05.12"]
[Round "2"]
[White "Burdalev, Kirill"]
[WhiteElo "2217"]
[Black "Mamonova, Yulia"]
[BlackElo "2009"]
[Result "1/2-1/2"]
[EventDate "2009.05.10"]
[PlyCount "79"]

1. d4 f5 2. Nf3 Nf6 3. Bg5 e6 4. Nbd2 Be7 5. Bxf6 Bxf6 6. e4 fxe4 7. Nxe4 O-O
8. Bd3 Nc6 9. c3 d6 10. Qc2 g6 11. h4 e5 12. d5 Ne7 13. h5 Bf5 14. hxg6 hxg6
15. Ng3 Qd7 16. Qd2 Bxd3 17. Qxd3 c6 18. dxc6 bxc6 19. Ne4 Rad8 20. O-O-O Qe6
21. Kb1 d5 22. Nc5 Qg4 23. Nh2 Qc8 24. f3 Bg7 25. Ng4 Nf5 26. Qd2 Rd6 27. Rhe1
Re8 28. Qd3 Qb8 29. Nf2 Qb6 30. b4 a5 31. a3 axb4 32. axb4 Ra8 33. Re2 Qa7 34.
Rb2 Bh6 35. Ng4 Bf4 36. Qe2 Ng3 37. Qd3 Nf5 38. Qe2 Ng3 39. Qd3 Nf5 40. Qe2
1/2-1/2

[Event "78th UKR-ch"]
[Site "Alushta UKR"]
[Date "2009.05.12"]
[Round "2"]
[White "Pylyposian, Mikael"]
[WhiteElo "1988"]
[Black "Shagbazian, Taron"]
[BlackElo "2216"]
[Result "0-1"]
[EventDate "2009.05.10"]
[PlyCount "50"]

1. e4 c5 2. c3 Nf6 3. e5 Nd5 4. d4 cxd4 5. Nf3 g6 6. Bc4 Nb6 7. Bb3 d5 8. cxd4
Bg7 9. Nc3 Nc6 10. O-O O-O 11. a3 Bg4 12. Be3 f6 13. exf6 Bxf6 14. Rb1 e6 15.
Re1 Bg7 16. Rc1 Kh8 17. h3 Bxf3 18. gxf3 Qh4 19. f4 Qxh3 20. Bc2 Nc4 21. Rb1
Nxe3 22. fxe3 Rxf4 23. Re2 Rg4+ 24. Kf2 Qh4+ 25. Kf1 Rf8+ 0-1

[Event "78th UKR-ch"]
[Site "Alushta UKR"]
[Date "2009.05.12"]
[Round "2"]
[White "Harnazhenko, Dmytro"]
[WhiteElo "1890"]
[Black "Borzov, Dmytro"]
[BlackElo "2209"]
[Result "0-1"]
[EventDate "2009.05.10"]
[PlyCount "65"]

1. e4 g6 2. d4 Bg7 3. Nc3 d6 4. Be3 Nf6 5. h3 c6 6. g4 h5 7. g5 Nfd7 8. a4 Qc7
9. Bg2 e5 10. Nge2 O-O 11. O-O Na6 12. f4 Nb4 13. a5 b6 14. axb6 Nxb6 15. b3 a5
16. f5 Re8 17. f6 Bf8 18. d5 cxd5 19. exd5 Ba6 20. Be4 Rec8 21. Rf2 a4 22. Qd2
axb3 23. cxb3 Bxe2 24. Rxa8 Rxa8 25. Rxe2 Nd7 26. Na4 Rb8 27. Kg2 Nc5 28. Qc3
Qb7 29. Nxc5 dxc5 30. Qxe5 Qb5 31. Rf2 Re8 32. Qf4 Nd3 33. Qc7 0-1

[Event "78th UKR-ch"]
[Site "Alushta UKR"]
[Date "2009.05.12"]
[Round "2"]
[White "Matsegora, Taras"]
[WhiteElo "2196"]
[Black "Kuchin, Pavel"]
[BlackElo "2001"]
[Result "1-0"]
[EventDate "2009.05.10"]
[PlyCount "87"]

1. e4 c5 2. b3 Nc6 3. Bb2 e5 4. f4 d6 5. Bb5 f6 6. Nf3 Bg4 7. O-O Qb6 8. Nc3
O-O-O 9. a4 Nge7 10. Bc4 Na5 11. Nd5 Nxd5 12. Bxd5 Bd7 13. Bc3 Be7 14. d3 Nc6
15. a5 Qc7 16. Nd2 Nb8 17. Nc4 Bc6 18. Be6+ Nd7 19. b4 Kb8 20. Qg4 g6 21. Ne3
cxb4 22. Bxb4 Nc5 23. Nd5 Bxd5 24. Bxd5 Na6 25. Ba3 f5 26. Qe2 Qc3 27. Rfb1 Rd7
28. Bb2 Qc5+ 29. Kh1 Bf6 30. Ra4 Qb5 31. Raa1 Qc5 32. d4 exd4 33. Ba3 d3 34.
Qxd3 Qc8 35. Qxa6 Bxa1 36. Bxd6+ Ka8 37. e5 Rhd8 38. e6 Rg7 39. e7 Rxe7 40.
Rxa1 Qc3 41. Rf1 Red7 42. Rb1 Qc8 43. c4 Rc7 44. c5 1-0

[Event "78th UKR-ch"]
[Site "Alushta UKR"]
[Date "2009.05.12"]
[Round "2"]
[White "Kravchenko, Leonid"]
[WhiteElo "2180"]
[Black "Tikhonov, Gennady"]
[BlackElo "1984"]
[Result "1-0"]
[EventDate "2009.05.10"]
[PlyCount "125"]

1. d4 d5 2. c4 e6 3. Nc3 c5 4. cxd5 exd5 5. Nf3 Nc6 6. g3 Nf6 7. Bg2 Be7 8. O-O
O-O 9. dxc5 Bxc5 10. Na4 Be7 11. Be3 Ne4 12. Rc1 Re8 13. Nd4 Qa5 14. a3 Ne5 15.
Bf4 Bf6 16. f3 Bd7 17. fxe4 Bxa4 18. b3 Bd7 19. exd5 Rac8 20. Rxc8 Rxc8 21. a4
Ng4 22. h3 Qc3 23. hxg4 Bxd4+ 24. Kh2 Bxg4 25. Bf3 Bf5 26. Qd2 Qxd2 27. Bxd2
Bc2 28. d6 Bxb3 29. Rb1 Bxa4 30. Rxb7 Rd8 31. Rb4 Bb6 32. Rxa4 Rxd6 33. Bf4 Rd4
34. Ra3 f6 35. Kg2 Kf7 36. Bc6 g5 37. Be3 Rd6 38. Bxb6 axb6 39. Be4 h5 40. Bf5
Rd4 41. Ra7+ Kf8 42. Rb7 Rb4 43. Bg6 h4 44. gxh4 gxh4 45. Kh3 Kg8 46. e4 Rb1
47. Kxh4 Rg1 48. Bf5 Kf8 49. Rxb6 Ke7 50. Re6+ Kf7 51. Rd6 Ke7 52. Rd7+ Ke8 53.
Ra7 Rg5 54. Ra3 Rg1 55. Rg3 Rh1+ 56. Kg4 Ke7 57. Rd3 Rg1+ 58. Kf3 Re1 59. Rd7+
Ke8 60. Ra7 Kf8 61. Be6 Ke8 62. Bd5 Kf8 63. Kf2 1-0

[Event "78th UKR-ch"]
[Site "Alushta UKR"]
[Date "2009.05.12"]
[Round "2"]
[White "Baranov, Yuriy"]
[WhiteElo "2173"]
[Black "Chernoukhov, Oleksandr"]
[BlackElo "1869"]
[Result "1-0"]
[EventDate "2009.05.10"]
[PlyCount "103"]

1. d4 Nf6 2. Nf3 d5 3. c4 e6 4. Nc3 Nbd7 5. cxd5 exd5 6. Bf4 c6 7. e3 Ne4 8.
Bd3 Qa5 9. Qc2 Ndf6 10. O-O Nxc3 11. bxc3 Be6 12. Rfb1 Bc8 13. Bg5 h6 14. Bxf6
gxf6 15. Bf5 Qc7 16. c4 dxc4 17. Bxc8 Qxc8 18. Qxc4 Bd6 19. e4 Rg8 20. g3 b5
21. Qc2 Kf8 22. e5 Be7 23. Rc1 Ba3 24. exf6 c5 25. Rd1 cxd4 26. Qb3 Qc5 27.
Nxd4 b4 28. Nc2 Rg6 29. Nxa3 Rxf6 30. Nc4 Qxf2+ 31. Kh1 Re8 32. Rf1 Qd4 33.
Qxb4+ Kg8 34. Qb2 Rxf1+ 35. Rxf1 Qxc4 36. Qf6 Re2 37. Qf3 Qxa2 38. Qg4+ Kf8 39.
Qb4+ Re7 40. Re1 Qd5+ 41. Kg1 Qb7 42. Qa3 Ke8 43. Qa4+ Kf8 44. Qa3 Qc7 45. Kg2
Qc6+ 46. Kg1 Qb6+ 47. Kg2 Qc6+ 48. Kg1 Qf6 49. Kg2 Qg5 50. Qd6 f5 51. h4 Qg7
52. Qd8+ 1-0

[Event "78th UKR-ch"]
[Site "Alushta UKR"]
[Date "2009.05.13"]
[Round "3"]
[White "Dmitrenko, Viktor"]
[WhiteElo "2338"]
[Black "Kislinsky, Alexey"]
[BlackElo "2455"]
[Result "1/2-1/2"]
[EventDate "2009.05.10"]
[PlyCount "27"]

1. c4 Nf6 2. Nc3 c5 3. g3 e6 4. Nf3 d5 5. cxd5 exd5 6. d4 Nc6 7. Bg2 Be7 8. O-O
O-O 9. dxc5 Bxc5 10. b3 Re8 11. Bb2 a6 12. Na4 Ba7 13. Re1 Ne4 14. Nd4 $11
1/2-1/2

[Event "78th UKR-ch"]
[Site "Alushta UKR"]
[Date "2009.05.13"]
[Round "3"]
[White "Chos, Alexei"]
[WhiteElo "2324"]
[Black "Budnikov, Oleg"]
[BlackElo "2408"]
[Result "0-1"]
[EventDate "2009.05.10"]
[PlyCount "132"]

1. e4 c5 2. Nf3 e6 3. c4 Nc6 4. Nc3 Nf6 5. Be2 d6 6. d4 cxd4 7. Nxd4 Be7 8. O-O
O-O 9. Be3 a6 10. Rc1 Ne5 11. h3 Qc7 12. Qe1 b6 13. f4 Ned7 14. b4 Re8 15. Qg3
Bb7 16. f5 e5 17. Nd5 Qd8 18. Nb3 Nxe4 19. Nxe7+ Qxe7 20. Qg4 Rac8 21. h4 d5
22. cxd5 Ndf6 23. Bg5 Nxg5 24. Qxg5 Qxb4 25. Rxc8 Rxc8 26. Qg3 Bxd5 27. Qxe5
Bxb3 28. axb3 Re8 29. Qb2 Qxh4 30. Qd2 b5 31. Bf3 Qg3 32. b4 h5 33. Bb7 Qc7 34.
Bf3 Rd8 35. Qg5 Qc4 36. Rb1 h4 37. Qe3 Rd3 38. Qf2 Qf4 39. Be2 Qxf2+ 40. Kxf2
Rd5 41. Ra1 Rxf5+ 42. Ke3 Nd5+ 43. Ke4 Rg5 44. Rxa6 Nxb4 45. Ra8+ Kh7 46. Bf3
Nd5 47. Rb8 f6 48. Rd8 Re5+ 49. Kd4 Nf4 50. Be4+ Kh6 51. Rh8+ Kg5 52. Bf3 g6
53. Rb8 Ne6+ 54. Kd3 Kf4 55. Kd2 g5 56. Rh8 f5 57. Ba8 Nc7 58. Bb7 b4 59. Rc8
Rc5 60. Bf3 b3 61. Bd1 Rd5+ 62. Ke1 b2 63. Bc2 Rc5 64. Kd2 Kg3 65. Rb8 Rb5 66.
Rg8 g4 0-1

[Event "78th UKR-ch"]
[Site "Alushta UKR"]
[Date "2009.05.13"]
[Round "3"]
[White "Strelnikov, Sergei"]
[WhiteElo "2393"]
[Black "Andrieiev, Volodymyr"]
[BlackElo "1950"]
[Result "1-0"]
[EventDate "2009.05.10"]
[PlyCount "103"]

1. Nf3 Nf6 2. c4 g6 3. Nc3 Bg7 4. e4 d6 5. d4 O-O 6. Be2 e5 7. O-O Nc6 8. d5
Ne7 9. Ne1 Nd7 10. Be3 f5 11. f3 f4 12. Bf2 g5 13. a4 a5 14. Nd3 Nf6 15. c5 h5
16. cxd6 cxd6 17. Nb5 Ne8 18. b3 Bd7 19. Nb2 Nc8 20. Rc1 Rf6 21. Kh1 Rg6 22. g4
fxg3 23. Bxg3 Bxb5 24. Bxb5 Nf6 25. Qc2 Na7 26. Bd3 Rc8 27. Qe2 Rxc1 28. Rxc1
h4 29. Bf2 Nc8 30. Rg1 Nh5 31. Qd2 Nf4 32. Bf1 b6 33. Nc4 h3 34. Be3 Rh6 35.
Qf2 Ne7 36. Bxb6 Qf8 37. Bxa5 Rf6 38. Nd2 Neg6 39. Qb6 Nh4 40. Qd8 Nhg2 41.
Qxf8+ Kxf8 42. Bb6 Ke8 43. Bb5+ Ke7 44. Rc1 Kf7 45. a5 g4 46. a6 Kg6 47. Be8+
Kh6 48. a7 Ne2 49. Rf1 g3 50. a8=Q Ngf4 51. hxg3 Nxg3+ 52. Kh2 1-0

[Event "78th UKR-ch"]
[Site "Alushta UKR"]
[Date "2009.05.13"]
[Round "3"]
[White "Dolzhykova, Kateryna"]
[WhiteElo "2291"]
[Black "Matiushin, Gennady"]
[BlackElo "2500"]
[Result "1/2-1/2"]
[EventDate "2009.05.10"]
[PlyCount "36"]

1. e4 g6 2. d4 Bg7 3. Nc3 d6 4. f4 Nf6 5. Nf3 O-O 6. e5 dxe5 7. fxe5 Nd5 8. Bc4
Be6 9. Qe2 Nxc3 10. bxc3 Bxc4 11. Qxc4 Nc6 12. O-O Qd7 13. Ba3 Rab8 14. Rae1 b5
15. Qc5 Rfd8 16. Ng5 b4 17. e6 fxe6 18. Rxe6 18... Rb6 $11 1/2-1/2

[Event "78th UKR-ch"]
[Site "Alushta UKR"]
[Date "2009.05.13"]
[Round "3"]
[White "Bernadskyi, Vitalii"]
[WhiteElo "2327"]
[Black "Nosenko, Olexandr"]
[BlackElo "2498"]
[Result "1-0"]
[EventDate "2009.05.10"]
[PlyCount "103"]

1. e4 Nf6 2. Nc3 d5 3. e5 Nfd7 4. f4 e6 5. Nf3 Be7 6. d4 f5 7. exf6 Nxf6 8. g3
c5 9. Bh3 Nc6 10. Be3 O-O 11. O-O Kh8 12. Kg2 cxd4 13. Nxd4 e5 14. Nxc6 Bxh3+
15. Kxh3 Qc8+ 16. g4 bxc6 17. fxe5 Nd7 18. Bd4 Qb7 19. e6 Nb6 20. Qe2 c5 21.
Be5 Kg8 22. Rxf8+ Bxf8 23. Qf3 Rd8 24. Rf1 Qe7 25. Qf7+ Qxf7 26. exf7+ Kh8 27.
b3 h6 28. a4 Kh7 29. a5 Nc8 30. Nb5 d4 31. a6 Rd7 32. Kg3 Re7 33. Bb8 Re6 34.
Nxa7 Nxa7 35. Bxa7 Rxa6 36. Bxc5 Bxc5 37. f8=Q Bxf8 38. Rxf8 Rc6 39. Rf2 Rc3+
40. Kf4 d3 41. cxd3 Rxb3 42. d4 Kg6 43. Ke5 Kg5 44. d5 Rd3 45. d6 Kxg4 46. Rg2+
Kh4 47. Rxg7 Rd2 48. d7 h5 49. Ke6 Re2+ 50. Kf7 Rd2 51. Ke8 Kh3 52. d8=Q 1-0

[Event "78th UKR-ch"]
[Site "Alushta UKR"]
[Date "2009.05.13"]
[Round "3"]
[White "Kharchenko, Boris"]
[WhiteElo "2474"]
[Black "Kovtun, Sergei"]
[BlackElo "2288"]
[Result "1-0"]
[EventDate "2009.05.10"]
[PlyCount "59"]

1. e4 d5 2. exd5 Qxd5 3. Nc3 Qd6 4. d4 a6 5. g3 Nf6 6. Bf4 Qb6 7. Qd2 c6 8.
O-O-O Bg4 9. Re1 e6 10. h3 Bh5 11. g4 Bg6 12. Bxb8 Rxb8 13. f4 Be7 14. f5 exf5
15. gxf5 Bh5 16. Be2 Bxe2 17. Rxe2 Kf8 18. Nf3 Qa5 19. Re5 Qc7 20. Kb1 Bd6 21.
Re2 Re8 22. Ne5 Rd8 23. Qf4 h6 24. Ne4 Nd5 25. Qg3 b5 26. Rg1 Rg8 27. Nc5 g5
28. fxg6 Bxe5 29. Rxe5 Rg7 30. Rxd5 1-0

[Event "78th UKR-ch"]
[Site "Alushta UKR"]
[Date "2009.05.13"]
[Round "3"]
[White "Yakymov, Volodymyr"]
[WhiteElo "2453"]
[Black "Golovany, Andrei"]
[BlackElo "2280"]
[Result "1/2-1/2"]
[EventDate "2009.05.10"]
[PlyCount "73"]

1. e4 c5 2. c3 Nf6 3. e5 Nd5 4. d4 cxd4 5. Nf3 d6 6. cxd4 e6 7. Bc4 Nc6 8. O-O
Be7 9. Qe2 O-O 10. Rd1 Na5 11. Bd3 Nb4 12. exd6 Qxd6 13. Nc3 Nxd3 14. Qxd3 Nc6
15. Qe4 f5 16. Qe2 Nb4 17. d5 Nxd5 18. Nxd5 exd5 19. Bf4 Qe6 20. Qd2 Bd6 21.
Bxd6 Qxd6 22. Qxd5+ Qxd5 23. Rxd5 Be6 24. Re5 Rae8 25. h4 Bd7 26. Rae1 Rxe5 27.
Nxe5 Re8 28. f4 Be6 29. Nc4 Kf8 30. Nd6 Re7 31. a3 b6 32. Kf2 g6 33. b4 Bd7 34.
Re5 Rxe5 35. fxe5 Ke7 36. Ke3 Ke6 37. Kd4 $11 1/2-1/2

[Event "78th UKR-ch"]
[Site "Alushta UKR"]
[Date "2009.05.13"]
[Round "3"]
[White "Kovalev, Denis"]
[WhiteElo "2447"]
[Black "Kurayan, Ruslan"]
[BlackElo "2242"]
[Result "1-0"]
[EventDate "2009.05.10"]
[PlyCount "120"]

1. Nf3 Nf6 2. c4 c5 3. Nc3 g6 4. g3 Bg7 5. Bg2 O-O 6. O-O Nc6 7. d4 cxd4 8.
Nxd4 d6 9. e3 Bg4 10. Qa4 Bd7 11. Nxc6 Bxc6 12. Bxc6 bxc6 13. e4 Qd7 14. f3
Rab8 15. Rf2 c5 16. Qc2 Qe6 17. b3 Nh5 18. Kg2 f5 19. Bb2 Bd4 20. Re2 f4 21. g4
Nf6 22. h3 h5 23. e5 dxe5 24. Qxg6+ 24... Kh8 $11 25. Qh6+ Kg8 26. Qg6+ Kh8 27.
Ne4 Qg8 28. Qh6+ Qh7 29. Qxh7+ Kxh7 30. Bxd4 cxd4 31. Nf2 hxg4 32. hxg4 e4 33.
Nxe4 Nxg4 34. Ng5+ Kg6 35. fxg4 Kxg5 36. Kf3 Rf7 37. Rae1 Rh8 38. Re5+ Kg6 39.
Re6+ Kg7 40. Rxe7 Rh3+ 41. Kg2 Rd3 42. Rxf7+ Kxf7 43. Re4 f3+ 44. Kg3 Kg6 45.
c5 a5 46. c6 Rd2 47. Kxf3 Rxa2 48. Rxd4 Rb2 49. Rc4 Rxb3+ 50. Ke4 Rb8 51. c7
Rc8 52. Ke5 a4 53. Kd6 a3 54. Ra4 Rf8 55. Rxa3 Kg7 56. Rc3 Rc8 57. Kd7 Kf6 58.
Kxc8 Ke5 59. Kd7 Kd4 60. c8=Q Ke5 1-0

[Event "78th UKR-ch"]
[Site "Alushta UKR"]
[Date "2009.05.13"]
[Round "3"]
[White "Poluektov, Yury"]
[WhiteElo "2390"]
[Black "Veremiy, Bogdan"]
[BlackElo "2239"]
[Result "1/2-1/2"]
[EventDate "2009.05.10"]
[PlyCount "142"]

1. d4 d5 2. Nf3 Nf6 3. Bf4 c5 4. e3 Nc6 5. c3 e6 6. Nbd2 Bd6 7. Ne5 Bxe5 8.
Bxe5 Nxe5 9. dxe5 Nd7 10. f4 Qb6 11. Qb3 f6 12. exf6 Nxf6 13. Bb5+ Bd7 14.
Bxd7+ Kxd7 15. O-O Qxb3 16. axb3 Kc6 17. e4 Rhe8 18. Rfe1 a5 19. c4 b6 20. e5
Nd7 21. Nf3 b5 22. cxd5+ exd5 23. f5 d4 24. g4 Nb6 25. e6 Nd5 26. Rac1 Kd6 27.
Ng5 Ne3 28. Ne4+ Kd5 29. Nxc5 Rac8 30. Na6 Kd6 31. b4 axb4 32. Nxb4 g6 33. Ra1
Ra8 34. Rac1 Rac8 35. Ra1 Ra8 36. f6 Kxe6 37. g5 h6 38. Rxa8 Rxa8 39. Nc2 Kd5
40. Nxe3+ dxe3 41. Rxe3 hxg5 42. Rg3 Ke6 43. Rxg5 Kxf6 44. Rxb5 g5 45. Kg2 Kg6
46. Kg3 Rd8 47. Rb3 Rd2 48. Kg4 Rxh2 49. Rb6+ Kf7 50. Kxg5 Ke7 51. Kf4 Kd7 52.
Ke3 Kc7 53. Rb4 Kc6 54. Kd4 Rh4+ 55. Kc3 Rh3+ 56. Kc2 Rg3 57. Kb1 Kc5 58. Rf4
Kb6 59. Rf5 Rh3 60. Ka2 Rg3 61. b3 Rh3 62. Ka3 Rh4 63. Rf6+ Kb5 64. Rf8 Kb6 65.
Rb8+ Ka7 66. Rb5 Ka6 67. Rd5 Kb6 68. Rd8 Ka6 69. Rb8 Ka7 70. Rb4 Rxb4 71. Kxb4
Kb6 1/2-1/2

[Event "78th UKR-ch"]
[Site "Alushta UKR"]
[Date "2009.05.13"]
[Round "3"]
[White "Nyzhnyk, Illya"]
[WhiteElo "2499"]
[Black "Luzhinsky, Vitaly"]
[BlackElo "2298"]
[Result "1/2-1/2"]
[EventDate "2009.05.10"]
[PlyCount "190"]

1. e4 c5 2. Nf3 Nc6 3. d4 cxd4 4. Nxd4 g6 5. c4 Nf6 6. Nc3 d6 7. Be2 Nxd4 8.
Qxd4 Bg7 9. Be3 O-O 10. Qd1 Qa5 11. O-O Be6 12. Bd4 Rac8 13. b3 Nd7 14. Rc1
Bxd4 15. Qxd4 Qc5 16. Qd2 Nf6 17. Kh1 Bd7 18. f4 Bc6 19. Bd3 a5 20. Qe2 Nd7 21.
Rce1 Qd4 22. Nd5 Bxd5 23. exd5 Rfe8 24. Bb1 a4 25. Qg4 Nf6 26. Qh3 axb3 27.
axb3 Kg7 28. g4 b5 29. g5 Nh5 30. Re4 Qd2 31. f5 Qxg5 32. Rg1 Qh6 33. Rh4 Kh8
34. Qc3+ Qg7 35. Qxg7+ Kxg7 36. fxg6 hxg6 37. Rxh5 bxc4 38. Rh3 cxb3 39. Rxb3
Rc5 40. Rf3 e6 41. dxe6 Rxe6 42. Rgf1 f5 43. Rd3 d5 44. Ba2 Rd6 45. Rfd1 d4 46.
Bb3 Kf6 47. Rxd4 Rxd4 48. Rxd4 Ke5 49. Rd8 g5 50. Kg2 g4 51. Rd3 Kf4 52. h3
gxh3+ 53. Rxh3 Re5 54. Kf2 Rc5 55. Rh4+ Kg5 56. Rb4 Ra5 57. Kf3 Rc5 58. Bc4 Ra5
59. Rb8 Rc5 60. Bd3 Ra5 61. Rd8 Kf6 62. Ke3 Kg5 63. Rg8+ Kf6 64. Kd4 Ra4+ 65.
Kd5 Ra5+ 66. Kd6 Kf7 67. Bc4+ Kf6 68. Rf8+ Kg7 69. Re8 Kf6 70. Rg8 Ra4 71. Rf8+
Kg5 72. Be6 Ra5 73. Ke7 Ra7+ 74. Bd7 Ra5 75. Rg8+ Kf4 76. Rg1 Ke4 77. Re1+ Kf3
78. Bc6+ Kf2 79. Rc1 f4 80. Ke6 Ke2 81. Bb7 Ra3 82. Ke5 f3 83. Kf4 f2 84. Bg2
Ra4+ 85. Kg3 Ra3+ 86. Kh2 Ra7 87. Bf1+ Kd2 88. Rc6 Ke1 89. Rc1+ Kd2 90. Rb1 Rg7
91. Bb5 Rg5 92. Bf1 Rg7 93. Rb2+ Ke1 94. Rb1+ Kd2 95. Rb2+ Ke1 1/2-1/2

[Event "78th UKR-ch"]
[Site "Alushta UKR"]
[Date "2009.05.13"]
[Round "3"]
[White "Melnichuk, Mikhail"]
[WhiteElo "2276"]
[Black "Finherov, Dmytro"]
[BlackElo "2381"]
[Result "1/2-1/2"]
[EventDate "2009.05.10"]
[PlyCount "21"]

1. d4 d5 2. Nf3 Nf6 3. c4 e6 4. Nc3 dxc4 5. e3 c5 6. Bxc4 cxd4 7. exd4 Be7 8.
O-O O-O 9. a3 a6 10. d5 exd5 11. Nxd5 $11 1/2-1/2

[Event "78th UKR-ch"]
[Site "Alushta UKR"]
[Date "2009.05.13"]
[Round "3"]
[White "Stets, Vasilij"]
[WhiteElo "2245"]
[Black "Pavlov, Maxim"]
[BlackElo "2353"]
[Result "0-1"]
[EventDate "2009.05.10"]
[PlyCount "64"]

1. e4 c5 2. Nc3 d6 3. f4 g6 4. Nf3 Bg7 5. Bc4 Nc6 6. O-O e6 7. d3 Nge7 8. Qe1
O-O 9. f5 gxf5 10. Qh4 Ng6 11. Qh5 f4 12. g3 fxg3 13. Ng5 h6 14. Nf3 Nce5 15.
hxg3 a6 16. Bxh6 Bxh6 17. Qxh6 Qf6 18. Nxe5 Qxe5 19. Kg2 b5 20. Rh1 Qg7 21. Bb3
Qxh6 22. Rxh6 Kg7 23. Rh5 Bb7 24. a4 Bc6 25. Re1 Ne5 26. a5 Rab8 27. Ba2 b4 28.
Nd1 Rb5 29. Ne3 b3 30. Bxb3 Nxd3 31. cxd3 Rxb3 32. Ng4 Rh8 0-1

[Event "78th UKR-ch"]
[Site "Alushta UKR"]
[Date "2009.05.13"]
[Round "3"]
[White "Bogdanovich, Stanislav"]
[WhiteElo "2414"]
[Black "Mazurchak, Bohdan"]
[BlackElo "2164"]
[Result "1-0"]
[EventDate "2009.05.10"]
[PlyCount "57"]

1. e4 c5 2. Nf3 e6 3. d4 cxd4 4. Nxd4 a6 5. Be2 Nf6 6. Nc3 Qc7 7. O-O Be7 8.
Be3 d6 9. f4 Nc6 10. Bf3 O-O 11. Kh1 Na5 12. Qe2 Nc4 13. Bc1 e5 14. Nf5 Bxf5
15. exf5 Rac8 16. g4 b5 17. g5 Ne8 18. Nd5 Qd8 19. Be4 exf4 20. f6 Bxf6 21.
gxf6 Nxf6 22. Bxf4 Nxe4 23. Qxe4 Ne5 24. Rae1 Rc4 25. Qg2 f6 26. b3 Rc8 27. Bh6
Rf7 28. Nxf6+ Kh8 29. Nh5 1-0

[Event "78th UKR-ch"]
[Site "Alushta UKR"]
[Date "2009.05.13"]
[Round "3"]
[White "Shtanko, Dmitry"]
[WhiteElo "2311"]
[Black "Kravchenko, Leonid"]
[BlackElo "2180"]
[Result "1-0"]
[EventDate "2009.05.10"]
[PlyCount "81"]

1. e4 c5 2. Nf3 d6 3. c3 Nf6 4. Be2 Nc6 5. d4 cxd4 6. cxd4 d5 7. e5 Ne4 8. O-O
f6 9. exf6 exf6 10. Re1 Bb4 11. Bd2 Nxd2 12. Nbxd2 O-O 13. a3 Ba5 14. Rc1 Bg4
15. b4 Bc7 16. Qb3 Re8 17. Rc5 Be6 18. Bb5 Qd6 19. Rec1 Nxd4 20. Nxd4 Qxh2+ 21.
Kf1 Bg4 22. f4 Bxf4 23. N4f3 Bxf3 24. Nxf3 Qh1+ 25. Kf2 Bxc1 26. Qxd5+ Kh8 27.
Bxe8 Rxe8 28. Qe6 Be3+ 29. Qxe3 Rg8 30. Qc1 Qxc1 31. Rxc1 h6 32. Rc7 Rb8 33.
Nd4 Rd8 34. Ke3 Re8+ 35. Kd3 Re1 36. Rxb7 Rg1 37. Rxa7 Rxg2 38. b5 h5 39. b6
Rb2 40. b7 Kh7 41. Nc6 1-0

[Event "78th UKR-ch"]
[Site "Alushta UKR"]
[Date "2009.05.13"]
[Round "3"]
[White "Podolsky, Anton"]
[WhiteElo "2083"]
[Black "Matiushyn, Oleh"]
[BlackElo "2222"]
[Result "1/2-1/2"]
[EventDate "2009.05.10"]
[PlyCount "181"]

1. e4 c5 2. Nf3 e6 3. d4 cxd4 4. c3 d5 5. exd5 Qxd5 6. cxd4 Nf6 7. Nc3 Qd8 8.
Be2 Be7 9. O-O O-O 10. Be3 Nc6 11. Ne5 Nb4 12. Rc1 Nbd5 13. Bg5 h6 14. Bh4 Bd7
15. Qb3 Bc6 16. Bf3 Re8 17. Rfd1 Rc8 18. Nxc6 bxc6 19. Na4 Qa5 20. Bg3 Qb5 21.
Nc5 Qxb3 22. axb3 Bxc5 23. Rxc5 Re7 24. Ra1 Rb7 25. Ra3 Nb4 26. Kf1 g5 27. h3
Nfd5 28. Be2 Rd8 29. h4 f6 30. Bc4 Kg7 31. Ra1 gxh4 32. Bxh4 Nc2 33. Ba6 Nxa1
34. Bxb7 Nxb3 35. Rxc6 Nxd4 36. Ra6 Nf5 37. g3 Nxh4 38. gxh4 Nf4 39. f3 Rd7 40.
Bc8 Re7 41. Kf2 e5 42. Bf5 Rb7 43. b4 h5 44. Rc6 Ng6 45. Rc1 Ne7 46. Be4 Rxb4
47. Rc7 Kf8 48. Rxa7 f5 49. Bd3 Rxh4 50. Ra5 Rd4 51. Ke2 Rd5 52. Rxd5 Nxd5 53.
Bxf5 Kg7 54. Kf2 Kh6 55. Be4 Nf6 56. Bc6 Kg5 57. Kg3 h4+ 58. Kh3 Nh5 59. Bb7
Nf4+ 60. Kh2 Ne6 61. Kh3 Kh5 62. Ba8 Ng5+ 63. Kg2 Kg6 64. Bc6 Kf5 65. Bb7 Kf4
66. Bc6 Ke3 67. Bb7 Kf4 68. Bc6 Ne6 69. Ba8 Kg5 70. Bb7 Nf4+ 71. Kh2 Ne2 72.
Kh3 $11 72... Nf4+ 73. Kh2 Kh5 74. Ba8 Ne6 75. Bc6 Ng5 76. Kg2 Kg6 77. Bb7 Kf5
78. Bc8+ Kf4 79. Bb7 Ne6 80. Kh3 Kg5 81. Kg2 Nc5 82. Ba8 Nb3 83. Kh3 Nd2 84.
Bb7 Nf1 85. Bc6 Ne3 86. Bb7 Nc2 87. Ba8 Nd4 88. Bb7 Ne6 89. Ba8 Nf4+ 90. Kh2
Kf6 91. Bb7 1/2-1/2

[Event "78th UKR-ch"]
[Site "Alushta UKR"]
[Date "2009.05.13"]
[Round "3"]
[White "Trehubov, Vadym"]
[WhiteElo "2237"]
[Black "Cherednichenko, Elena"]
[BlackElo "2134"]
[Result "1-0"]
[EventDate "2009.05.10"]
[PlyCount "61"]

1. e4 e5 2. Nf3 Nc6 3. d4 exd4 4. Nxd4 Nf6 5. Nxc6 bxc6 6. e5 Qe7 7. Qe2 Nd5 8.
c4 Nb6 9. Nd2 Qe6 10. b3 a5 11. Bb2 a4 12. g3 Bb4 13. Bg2 O-O 14. O-O d5 15.
Nf3 a3 16. Bd4 c5 17. cxd5 Qd7 18. e6 fxe6 19. dxe6 Qe7 20. Be5 Ba6 21. Qc2
Bxf1 22. Rxf1 Rae8 23. h4 Qxe6 24. Ng5 Qh6 25. Bxc7 Na8 26. Bd6 Qg6 27. Qc4+
Kh8 28. Bxf8 h6 29. Nf7+ Kg8 30. Ne5+ Qe6 31. Bd5 1-0

[Event "78th UKR-ch"]
[Site "Alushta UKR"]
[Date "2009.05.13"]
[Round "3"]
[White "Strygin, Alexandr"]
[WhiteElo "2092"]
[Black "Ivanets, Serhii"]
[BlackElo "2228"]
[Result "0-1"]
[EventDate "2009.05.10"]
[PlyCount "92"]

1. e4 e5 2. Nf3 Nf6 3. Nxe5 d6 4. Nf3 Nxe4 5. Nc3 Nf6 6. d4 Nc6 7. h3 h6 8. a3
g6 9. Be3 Bg7 10. Bd3 Ne7 11. O-O O-O 12. Qd2 g5 13. Nh2 Nfd5 14. Nxd5 Nxd5 15.
c4 Nxe3 16. fxe3 f5 17. Bc2 Qe7 18. Rae1 c5 19. Kh1 Bd7 20. b3 Rae8 21. d5 Qe5
22. g4 Qc3 23. Qd3 Qxd3 24. Bxd3 fxg4 25. hxg4 Rxf1+ 26. Bxf1 Be5 27. Bh3 Bg3
28. Re2 h5 29. Kg2 Bxh2 30. Kxh2 Re4 31. Kg3 Bxg4 32. Bxg4 Rxg4+ 33. Kf3 Kf7
34. e4 Kf6 35. Rh2 Rf4+ 36. Ke3 h4 37. Rg2 h3 38. Rh2 Rh4 39. Kf3 Ke5 40. Kg3
Kxe4 41. Rxh3 Rxh3+ 42. Kxh3 Kf3 43. Kh2 g4 44. Kg1 a5 45. Kf1 g3 46. Kg1 g2
0-1

[Event "78th UKR-ch"]
[Site "Alushta UKR"]
[Date "2009.05.13"]
[Round "3"]
[White "Tishin, Dmitry"]
[WhiteElo "2299"]
[Black "Baranov, Yuriy"]
[BlackElo "2173"]
[Result "1-0"]
[EventDate "2009.05.10"]
[PlyCount "113"]

1. d4 d5 2. c4 Nc6 3. Nf3 Bg4 4. e3 e6 5. Nc3 Nf6 6. Be2 dxc4 7. Bxc4 a6 8. O-O
Bd6 9. Be2 O-O 10. h3 Bh5 11. Nd2 Bxe2 12. Qxe2 h6 13. Rd1 Qe7 14. Nc4 Rfd8 15.
a3 b5 16. Nxd6 cxd6 17. e4 d5 18. e5 Nd7 19. Qg4 Kh7 20. Ne2 f5 21. exf6 Qxf6
22. Nf4 Nf8 23. Be3 Ne7 24. Nh5 Qg6 25. Qe2 Rdc8 26. Rd2 Nf5 27. Bf4 Nd7 28.
Bh2 Rc6 29. Nf4 Qf6 30. Qd3 g6 31. Re1 Rac8 32. Rdd1 Ng7 33. Rd2 Rc1 34. Rxc1
Rxc1+ 35. Rd1 Rc4 36. b3 Rc6 37. g4 Nf8 38. Re1 Qf7 39. h4 Kg8 40. Ng2 Nd7 41.
Bf4 h5 42. gxh5 Nxh5 43. Bg5 Ndf6 44. f3 Nh7 45. Bd2 Nf8 46. Re5 Rc7 47. Rg5
Kg7 48. Kf2 Nh7 49. Re5 Qf6 50. Qe3 Rc6 51. Qh6+ Kg8 52. Kg1 Rc7 53. Qe3 Nf8
54. Bb4 Rc6 55. Qh6 Rc8 56. Kh2 Ng7 57. h5 1-0

[Event "78th UKR-ch"]
[Site "Alushta UKR"]
[Date "2009.05.13"]
[Round "3"]
[White "Berezka, Alexandr"]
[WhiteElo "2150"]
[Black "Dolhopolov, Oleksandr"]
[BlackElo "2268"]
[Result "1/2-1/2"]
[EventDate "2009.05.10"]
[PlyCount "127"]

1. e4 c5 2. Nf3 d6 3. d4 cxd4 4. Nxd4 Nf6 5. Nc3 a6 6. Be2 e5 7. Nb3 Be7 8. a4
O-O 9. O-O b6 10. Be3 Nbd7 11. Qd2 Bb7 12. f3 Qc7 13. Rfd1 Rfd8 14. Bf1 Nc5 15.
Qf2 h6 16. Rd2 Bf8 17. Qh4 Ncd7 18. Qf2 Rac8 19. Be2 Nc5 20. Rad1 Re8 21. Qf1
Ra8 22. Bc4 Rec8 23. Be2 Qc6 24. Ra1 Qe8 25. Bc4 Ncd7 26. Nc1 Rc7 27. N1a2 Qc8
28. b3 d5 29. exd5 Ne8 30. Nd1 Nd6 31. Nb2 b5 32. Bd3 Bxd5 33. Nb4 Be6 34. axb5
axb5 35. Rdd1 Nf6 36. Rxa8 Qxa8 37. Ra1 Qc8 38. Bb6 Rb7 39. Bf2 e4 40. Be2 Qc3
41. fxe4 Qxb4 42. e5 Nde4 43. Nd3 Qc3 44. exf6 Qxc2 45. fxg7 Bxg7 46. Bd1 Qd2
47. Ra8+ Kh7 48. Bf3 f5 49. Re8 Bd5 50. Bxe4 fxe4 51. Nc5 Rf7 52. Nxe4 Qc2 53.
Qe1 Bxb3 54. Ng3 Bc4 55. Qe4+ Qxe4 56. Nxe4 Rd7 57. Bc5 Bd3 58. Kf2 Kg6 59. Ke3
h5 60. Nd6 Bc4 61. Nxc4 bxc4 62. Re6+ Kf7 63. Rd6 Re7+ 64. Kd2 1/2-1/2